| 000 | 01259cam a22003615i 4500 | ||
|---|---|---|---|
| 999 |
_c28078 _d28049 |
||
| 001 | 19883523 | ||
| 003 | EG-ScBUE | ||
| 005 | 20201128024423.0 | ||
| 008 | 170810t20192019nyua f b 001 0 eng d | ||
| 020 | _a9781260091830 (alk. paper) | ||
| 020 | _a126009183X (alk. paper) | ||
| 040 |
_aDLC _beng _erda _cDLC _dDLC _dEG-ScBUE |
||
| 082 | 0 | 4 |
_a657 _bEDM _222 |
| 100 | 1 |
_aEdmonds, Thomas P., _eauthor. |
|
| 245 | 1 | 0 |
_aFundamental financial accounting concepts / _cThomas P. Edmonds, University of Alabama-Birmingham, [and four others]. |
| 250 | _aTenth edition. | ||
| 250 | _aInternational student edition. | ||
| 264 | 1 |
_aNew York, NY : _bMcGraw-Hill Education, _c[2019] |
|
| 264 | 4 | _cc2019 | |
| 300 |
_axxxviii, 761 pages : _billustrations (color) ; _c29 cm |
||
| 336 |
_atext _btxt _2rdacontent |
||
| 337 |
_aunmediated _bn _2rdamedia |
||
| 338 |
_avolume _bnc _2rdacarrier |
||
| 504 | _aIncludes bibliographical references and index. | ||
| 650 | 7 |
_aAccounting. _2BUEsh |
|
| 653 |
_bBUSADM _cFebruary2020 |
||
| 700 | 1 |
_aEdmonds, Christopher T., _eauthor. |
|
| 700 | 1 |
_aEdmonds, Mark A. _eauthor. |
|
| 700 |
_aMcNair, Frances M., _d1945- _eauthor. _928867 |
||
| 700 |
_aOlds, Philip R., _eauthor. _92061 |
||
| 942 |
_2ddc _cBB |
||